Spell the Marvel Character #45 - Statistics

General Stats
  • This quiz has been taken 24 times
  • The average score is 7 of 9
Answer Stats
Picture Answer % Correct
Hulk
100%
Echo
89%
Luke Cage
89%
She-Hulk
89%
Union Jack
89%
Cyclops
79%
Hercules
79%
Energizer
68%
Rage
47%
No matching quizzes found
Score Distribution
Percent of People with Each Score
Percentile by Number Answered
Your Score History
You have not taken this quiz